[Event "Israeli Open Championship 2019"]
[Site "Jerusalem"]
[Date "2019.12.13"]
[Round "2.11"]
[White "Gorodetzky, Matan"]
[Black "Kunin, Michael"]
[Result "1-0"]
[WhiteElo "2284"]
[BlackElo "2102"]
[Annotator "RC"]
[PlyCount "89"]
[EventDate "2019.12.12"]
[EventType "swiss"]
[EventCountry "ISR"]
[SourceTitle "playchess.com"]
[Source "ChessBase"]
[SourceQuality "1"]
[TimeControl "5400+30"]

1. e4 {[%emt 0:00:00]} c5 {[%emt 0:00:00]} 2. Nf3 {[%emt 0:00:17]} e6 {[%emt 0:00:01]} 3. c3 {[%emt 0:00:14]} d5 {[%emt 0:00:25]} 4. exd5 {[%emt 0:00:21]} exd5 {[%emt 0:00:10]} 5. d4 {[%emt 0:00:31]} Bd6 {[%emt 0:00:30]} 6. Bb5+ {[%emt 0:00:34]} Nc6 {[%emt 0:01:02]} 7. O-O {[%emt 0:00:48]} Nge7 {[%emt 0:00:10]} 8. dxc5 {[%emt 0:01:09]} Bxc5 {[%emt 0:00:10]} 9. Nbd2 {[%emt 0:00:26]} Bg4 {[%emt 0:01:33]} 10. Nb3 {[%emt 0:09:32]} Bb6 {[%emt 0:01:27]} 11. Re1 {[%emt 0:02:30]} O-O {[%emt 0:00:41]} 12. h3 {[%emt 0:03:45]} Bh5 {[%emt 0:01:37]} 13. Be3 {[%emt 0:05:23]} Bxe3 {[%emt 0:12:41]} 14. Rxe3 {[%emt 0:00:09]} Nf5 {[%emt 0:03:46]} 15. Re1 {[%emt 0:02:02]} Nd6 {[%emt 0:10:08]} 16. Be2 {[%emt 0:16:22]} Nc4 {[%emt 0:02:43]} 17. g4 {[%emt 0:08:42]} Bg6 {[%emt 0:00:22]} 18. Bxc4 {[%emt 0:01:12]} dxc4 {[%emt 0:00:08]} 19. Qxd8 {[%emt 0:07:40]} Raxd8 {[%emt 0:00:34]} 20. Nbd4 {[%emt 0:00:21]} Nxd4 {[%emt 0:00:27]} 21. Nxd4 {[%emt 0:00:15]} Rfe8 {[%emt 0:01:54]} 22. f3 {[%emt 0:03:46]} Kf8 {[%emt 0:00:43]} 23. Kf2 {[%emt 0:00:40]} a6 {[%emt 0:03:15]} 24. Rxe8+ {[%emt 0:03:38]} Rxe8 {[%emt 0:05:43]} 25. Re1 {[%emt 0:00:26]} Rxe1 {[%emt 0:03:10]} 26. Kxe1 {[%emt 0:00:02]} Bb1 {[%emt 0:04:48]} 27. a3 {[%emt 0:00:59]} g5 {[%emt 0:03:24]} 28. Kf2 {[%emt 0:02:45]} Ke7 {[%emt 0:00:19]} 29. Ke3 {[%emt 0:00:42]} Kd6 {[%emt 0:00:30]} 30. f4 {[%emt 0:02:23]} h6 {[%emt 0:09:53]} 31. Nf3 {[%emt 0:27:56]} f6 {[%emt 0:33:16]} 32. h4 {[%emt 0:00:00]} gxh4 {[%emt 0:00:00]} 33. Nxh4 {[%emt 0:00:00]} Kd5 {[%emt 0:00:00]} 34. f5 {[%emt 0:00:00]} Bc2 {[%emt 0:00:00]} 35. Ng6 {[%emt 0:00:00]} b5 {[%emt 0:00:00]} 36. Kf4 {[%emt 0:00:00]} a5 {[%emt 0:00:00]} 37. Ne7+ {[%emt 0:00:00]} Kc5 {[%emt 0:00:00]} 38. Ng8 {[%emt 0:00:00]} b4 {[%emt 0:00:00]} 39. axb4+ {[%emt 0:00:00]} axb4 {[%emt 0:00:00]} 40. Nxf6 {[%emt 0:00:00]} bxc3 {[%emt 0:02:15]} 41. bxc3 {[%emt 0:00:00]} Kb5 {[%emt 0:01:09]} 42. Ne4 {[%emt 0:00:00]} Kc6 {[%emt 0:00:45]} 43. Ke5 {[%emt 0:00:00]} Bd1 {[%emt 0:00:21]} 44. Nf2 {[%emt 0:00:00]} Kd7 {[%emt 0:00:52]} 45. Nxd1 {[%emt 0:00:00]} 1-0

[Event "Israeli Open Championship 2019"]
[Site "Jerusalem"]
[Date "2019.12.13"]
[Round "2.13"]
[White "Cohen Revivo, Shoham"]
[Black "Nissim, Yonatan"]
[Result "1-0"]
[WhiteElo "2261"]
[BlackElo "2040"]
[Annotator "RC"]
[PlyCount "165"]
[EventDate "2019.12.12"]
[EventType "swiss"]
[EventCountry "ISR"]
[SourceTitle "playchess.com"]
[Source "ChessBase"]
[SourceQuality "1"]
[TimeControl "5400+30"]

1. e4 {[%emt 0:00:00]} c5 {[%emt 0:02:40]} 2. Nf3 {[%emt 0:00:00]} g6 {[%emt 0:00:31]} 3. d4 {[%emt 0:00:30]} cxd4 {[%emt 0:00:08]} 4. Nxd4 {[%emt 0:00:06]} Bg7 {[%emt 0:00:16]} 5. c4 {[%emt 0:00:08]} Nc6 {[%emt 0:00:16]} 6. Be3 {[%emt 0:00:20]} Nf6 {[%emt 0:00:16]} 7. Nc3 {[%emt 0:00:09]} O-O {[%emt 0:00:22]} 8. Be2 {[%emt 0:00:10]} d6 {[%emt 0:01:24]} 9. O-O {[%emt 0:01:14]} Bd7 {[%emt 0:00:41]} 10. Qd2 {[%emt 0:02:05]} Nxd4 {[%emt 0:00:55]} 11. Bxd4 {[%emt 0:00:13]} Bc6 {[%emt 0:00:06]} 12. f3 {[%emt 0:00:18]} a5 {[%emt 0:00:31]} 13. Rfd1 {[%emt 0:01:07]} Nd7 {[%emt 0:00:52]} 14. Be3 {[%emt 0:00:12]} a4 {[%emt 0:04:49]} 15. Rac1 {[%emt 0:00:42]} Nc5 {[%emt 0:01:03]} 16. Nd5 {[%emt 0:03:16]} Bxd5 {[%emt 0:07:00]} 17. cxd5 {[%emt 0:00:41]} Qa5 {[%emt 0:08:59]} 18. Qxa5 {[%emt 0:01:47]} Rxa5 {[%emt 0:00:03]} 19. Rc2 {[%emt 0:00:06]} b6 {[%emt 0:16:14]} 20. Bd2 {[%emt 0:00:19]} Ra7 {[%emt 0:03:09]} 21. Bb5 {[%emt 0:00:38]} Rfa8 {[%emt 0:06:22]} 22. Bc6 {[%emt 0:00:22]} Rb8 {[%emt 0:00:54]} 23. Be3 {[%emt 0:00:10]} h5 {[%emt 0:08:28]} 24. Kf1 {[%emt 0:02:23]} Kh7 {[%emt 0:03:38]} 25. Ke2 {[%emt 0:00:07]} Bh6 {[%emt 0:01:28]} 26. Bf2 {[%emt 0:03:29]} g5 {[%emt 0:00:43]} 27. Rd4 {[%emt 0:01:42]} a3 {[%emt 0:07:39]} 28. b4 {[%emt 0:02:39]} Bg7 {[%emt 0:03:58]} 29. bxc5 {[%emt 0:00:42]} Bxd4 {[%emt 0:00:08]} 30. Bxd4 {[%emt 0:00:12]} bxc5 {[%emt 0:00:41]} 31. Be3 {[%emt 0:03:12]} Kg6 {[%emt 0:00:15]} 32. Bc1 {[%emt 0:01:13]} Rb1 {[%emt 0:03:05]} 33. Kd2 {[%emt 0:02:13]} Ra6 {[%emt 0:02:20]} 34. Kc3 {[%emt 0:00:54]} h4 {[%emt 0:02:00]} 35. h3 {[%emt 0:00:19]} e6 {[%emt 0:02:17]} 36. e5 {[%emt 0:07:45]} exd5 {[%emt 0:03:39]} 37. Bxd5 {[%emt 0:00:11]} dxe5 {[%emt 0:00:24]} 38. Be3 {[%emt 0:01:29]} Ra5 {[%emt 0:01:34]} 39. Re2 {[%emt 0:02:40]} f5 {[%emt 0:02:28]} 40. Bc4 {[%emt 0:02:38]} Kf6 {[%emt 0:02:50]} 41. Rd2 {[%emt 0:02:55]} Rc1+ {[%emt 0:01:01]} 42. Kb3 {[%emt 0:00:23]} Rb1+ {[%emt 0:00:18]} 43. Kc2 {[%emt 0:00:42]} Rb2+ {[%emt 0:00:05]} 44. Kc3 {[%emt 0:00:05]} Rxd2 {[%emt 0:01:01]} 45. Bxd2 {[%emt 0:00:29]} e4 {[%emt 0:00:55]} 46. fxe4 {[%emt 0:00:04]} fxe4 {[%emt 0:00:34]} 47. Be3 {[%emt 0:00:17]} Kf5 {[%emt 0:00:49]} 48. Be2 {[%emt 0:00:48]} Kf6 {[%emt 0:00:44]} 49. Kc4 {[%emt 0:00:40]} Kf5 {[%emt 0:00:37]} 50. Kd5 {[%emt 0:02:24]} Ra8 {[%emt 0:00:52]} 51. Bg4+ {[%emt 0:02:26]} Kf6 {[%emt 0:00:02]} 52. Bxc5 {[%emt 0:00:43]} Rd8+ {[%emt 0:02:05]} 53. Bd6 {[%emt 0:01:49]} e3 {[%emt 0:00:21]} 54. Be2 {[%emt 0:00:48]} Kf5 {[%emt 0:01:10]} 55. Bd3+ {[%emt 0:00:05]} Kf6 {[%emt 0:00:02]} 56. Be2 {[%emt 0:08:54]} Kf5 {[%emt 0:00:03]} 57. Bg4+ {[%emt 0:00:06]} Kf6 {[%emt 0:00:07]} 58. Kc6 {[%emt 0:00:35]} Re8 {[%emt 0:00:19]} 59. Be2 {[%emt 0:00:07]} Ke6 {[%emt 0:02:02]} 60. Kc7 {[%emt 0:04:52]} Kd5 {[%emt 0:00:05]} 61. Bxa3 {[%emt 0:03:19]} Kd4 {[%emt 0:00:35]} 62. Bb2+ {[%emt 0:00:58]} Ke4 {[%emt 0:00:34]} 63. a4 {[%emt 0:01:27]} Ra8 {[%emt 0:01:00]} 64. Bb5 {[%emt 0:05:10]} Rf8 {[%emt 0:00:09]} 65. Bc3 {[%emt 0:07:42]} Rf2 {[%emt 0:00:23]} 66. Kb6 {[%emt 0:00:35]} Rc2 {[%emt 0:00:37]} 67. Bb4 {[%emt 0:00:27]} Rb2 {[%emt 0:00:33]} 68. Kc5 {[%emt 0:00:11]} e2 {[%emt 0:00:39]} 69. a5 {[%emt 0:04:40]} Ke3 {[%emt 0:00:50]} 70. a6 {[%emt 0:00:42]} Rxb4 {[%emt 0:00:13]} 71. Bxe2 {[%emt 0:00:07]} Ra4 {[%emt 0:00:11]} 72. Bb5 {[%emt 0:00:34]} Ra2 {[%emt 0:00:54]} 73. Kb6 {[%emt 0:00:26]} Kf4 {[%emt 0:00:23]} 74. a7 {[%emt 0:00:14]} Rxa7 {[%emt 0:00:35]} 75. Kxa7 {[%emt 0:00:03]} Kg3 {[%emt 0:00:46]} 76. Bc6 {[%emt 0:00:14]} g4 {[%emt 0:00:45]} 77. hxg4 {[%emt 0:00:09]} Kxg4 {[%emt 0:00:08]} 78. Bd7+ {[%emt 0:00:07]} Kg3 {[%emt 0:00:12]} 79. Bh3 {[%emt 0:00:06]} Kf4 {[%emt 0:00:50]} 80. Kb6 {[%emt 0:00:02]} Ke5 {[%emt 0:00:14]} 81. Kc5 {[%emt 0:00:01]} Ke4 {[%emt 0:00:24]} 82. Kc4 {[%emt 0:00:11]} Ke3 {[%emt 0:00:07]} 83. Kd5 {[%emt 0:00:06]} 1-0

[Event "Israeli Open Championship 2019"]
[Site "Jerusalem"]
[Date "2019.12.13"]
[Round "2.15"]
[White "Baron, Tal"]
[Black "Mazar, Ariel"]
[Result "1-0"]
[WhiteElo "2541"]
[BlackElo "1831"]
[Annotator "TA"]
[PlyCount "69"]
[EventDate "2019.12.12"]
[EventType "swiss"]
[EventCountry "ISR"]
[SourceTitle "playchess.com"]
[Source "ChessBase"]
[SourceQuality "1"]

{[%evp 9,68,33,65,62,76,70,127,136,167,167,173,174,167,133,171,173,166,169,172,164,180,152,200,201,399,395,440,430,446,446,437,435,444,435,483,475,501,501,543,547,550,543,599,587,1354,806,1317,1298,1215,1159,1422,1369,29992,29993,29996,29997,29997,29997,29997,29998,29999]} 1. e4 e5 2. Nf3 Nc6 3. Bb5 Nf6 4. O-O d6 5. d4 a6 (5... exd4 6. Nxd4 Bd7 7. Nc3 Be7 8. Nxc6 Bxc6 9. Bxc6+ bxc6 10. b3 O-O 11. Bb2 Nd7 12. f4 Bf6 13. Qd3 c5 14. Rae1 Re8 15. h3 Bd4+ 16. Kh2 Re7 17. a4 h6 18. Re2 Re6 {½-½ (43) Zhak,B (2582)-De Oliveira,J (2574) ICCF email 2016}) 6. Bxc6+ {C66: Ruy Lopez: Steinitz Defence} bxc6 7. Re1 Bg4 (7... Nd7 $14) 8. dxe5 $16 {White is better.} dxe5 9. Qxd8+ Rxd8 10. Nxe5 Rd1 $146 {[%cal Rd1e1] [#]} ({Predecessor:} 10... Bd7 11. Bg5 Be7 12. Nd2 h6 13. Bh4 {½-½ (56) Muwanguzi,N-Kakire,A Kampala 2011}) 11. Kf1 Bd6 12. Nxg4 Rxe1+ 13. Kxe1 {Strongly threatening Nxf6+.} Nxg4 14. h3 Ne5 15. Be3 c5 16. Nd2 Ke7 $2 (16... f6 {might work better.} 17. f4 Nd7) 17. f4 $18 Ng6 18. e5 Nxe5 19. fxe5 Bxe5 20. Bxc5+ Ke6 21. Nc4 Bg3+ 22. Bf2 Bf4 23. Ke2 Re8 24. Kf3 Kd5 25. b3 Bg5 26. Rd1+ Kc6 27. Na5+ Kb5 28. Rd5+ {[%mdl 64] [#] Double Attack} Kb4 29. Rxg5 g6 30. Rc5 Re6 31. Bd4 {White mates.} Rb6 32. Nc4 {[%csl Gd4][%cal Rc2c3]} Rf6+ 33. Ke4 {[%csl Gd4][%cal Rc2c3]} Re6+ 34. Kd3 {[%csl Gd3,Gd4][%cal Rc2c3]} a5 35. a3# {Accuracy: White = 78%, Black = 24%.} 1-0

[Event "Israeli Open Championship 2019"]
[Site "Jerusalem"]
[Date "2019.12.13"]
[Round "2.16"]
[White "Klein, Achi"]
[Black "Gruzman, Ilya"]
[Result "0-1"]
[WhiteElo "1622"]
[BlackElo "1889"]
[Annotator "NA RC"]
[PlyCount "58"]
[EventDate "2019.12.12"]
[EventType "swiss"]
[EventCountry "ISR"]
[SourceTitle "playchess.com"]
[Source "ChessBase"]
[SourceQuality "1"]
[TimeControl "5400+30"]

{[%evp 8,58,12,19,14,0,0,-6,20,1,13,0,0,2,14,0,32767,32767,32767,32767,32767,-707,-229,-577,-276,-225,-230,-237,-225,-221,-207,-236,32767,32767,32767,-323,-247,-248,-245,-514,32767,32767,32767,-831,-843,-1084,-1133,-1225,-1261,-29992,-29984,-29955,-29985]} 1. e4 {[%emt 0:00:00]} c6 {[%emt 0:00:00]} 2. d4 {[%emt 0:00:00]} d5 {[%emt 0:00:00]} 3. e5 {[%emt 0:00:02]} Bf5 {[%emt 0:00:00]} 4. h4 {[%emt 0:00:12]} h5 {[%emt 0:00:14]} 5. c4 {[%emt 0:00:12]} e6 {[%emt 0:00:04]} 6. Nc3 {[%emt 0:00:20]} Ne7 {[%emt 0:00:09]} 7. Bd3 {[%emt 0:01:10] B12: Caro-Kann: Advance Variation} (7. Nge2 Nd7 8. Ng3 Bg6 9. Bg5 Qb6 10. Rc1 Qxb2 11. Bd3 Bxd3 12. Qxd3 dxc4 13. Qxc4 Nb6 14. Qd3 Ned5 {½-½ (29) Perunovic,M (2569)-Donchenko,A (2631) Barcelona 2019}) 7... Bxd3 {[%emt 0:03:03]} 8. Qxd3 {[%emt 0:00:15]} Nf5 {[%emt 0:04:59]} 9. Nf3 {[%emt 0:03:31]} Be7 {[%emt 0:02:48]} 10. g3 {[%emt 0:03:31]} dxc4 {[%emt 0:01:45]} 11. Qxc4 {[%emt 0:01:16]} Nd7 {[%emt 0:02:01]} 12. Ne4 $146 {[%emt 0:07:05]} ({Predecessor:} 12. O-O Nb6 13. Qd3 O-O 14. Rd1 Nd5 {1-0 (51) Terbe,J (2183)-Bakin,A (2176) Budapest 2016}) 12... Nb6 {[%emt 0:03:01]} 13. Qc3 {[%emt 0:04:28]} Qd5 {[%emt 0:01:50]} 14. Nc5 $2 {[%emt 0:11:53]} (14. Qd3 $15) 14... O-O-O $2 {[%emt 0:03:56]} (14... Bxc5 15. dxc5 Qe4+ 16. Kf1 Na4) 15. Nb3 $2 {[%emt 0:05:51]} (15. O-O {nothing else works.}) 15... Bb4 {[%emt 0:02:01]} (15... Qe4+ $142 16. Kf1 Nd5) 16. Qxb4 {[%emt 0:01:28]} Qe4+ {[%emt 0:01:03]} 17. Kf1 {[%emt 0:13:14]} Qxf3 {[%emt 0:00:23] Decoy} 18. Rg1 {[%emt 0:01:50]} Qd3+ {[%emt 0:04:08]} 19. Kg2 {[%emt 0:02:29]} Nxd4 {[%emt 0:04:13]} 20. Nxd4 {[%emt 0:04:16]} Rxd4 {[%emt 0:01:31]} 21. Qa5 {[%emt 0:03:02]} (21. Qe7 {was worth a try.} Qe4+ 22. Kh2) 21... Ra4 {[%emt 0:01:06]} 22. Qc5 {[%emt 0:00:40]} Nd7 {[%emt 0:01:29]} 23. Qe7 $2 {[%emt 0:02:12]} (23. Qe3 Qd5+ {[%mdl 64] Double Attack} 24. Qf3) 23... Nxe5 {[%emt 0:01:12]} 24. Bf4 {[%emt 0:01:01]} Qf3+ {[%emt 0:01:59]} 25. Kf1 {[%emt 0:06:40]} Rxf4 {[%emt 0:00:12]} 26. gxf4 {[%emt 0:00:56] [#]} Nd3 $1 {[%emt 0:00:34] Double Attack} 27. Rg2 {[%emt 0:01:58]} Nxf4 {[%emt 0:00:11]} 28. Rxg7 {[%emt 0:02:07]} Qh3+ {[%emt 0:00:49]} 29. Ke1 {[%emt 0:02:29]} Qd3 {[%emt 0:00:10]} 0-1

[Event "Israeli Open Championship 2019"]
[Site "Jerusalem"]
[Date "2019.12.13"]
[Round "2.17"]
[White "Bulkovstein, David"]
[Black "Kfir, Itzhak"]
[Result "1-0"]
[WhiteElo "1889"]
[BlackElo "1528"]
[Annotator "NA RC"]
[PlyCount "55"]
[EventDate "2019.12.12"]
[EventType "swiss"]
[EventCountry "ISR"]
[SourceTitle "playchess.com"]
[Source "ChessBase"]
[SourceQuality "1"]
[TimeControl "5400+30"]

{[%evp 8,52,12,27,12,17,8,19,21,30,58,25,46,32767,32767,32767,30,-2,-3,12,17,-15,23,-8,3,-4,32767,0,0,-14,38,23,86,62,158,139,32767,191,608,588,579,366,830,984,1266,1465,1697]} 1. e4 {[%emt 0:00:00]} c5 {[%emt 0:00:00]} 2. Nc3 {[%emt 0:00:00]} d6 {[%emt 0:00:07]} 3. g3 {[%emt 0:00:00]} Nf6 {[%emt 0:00:21]} 4. Bg2 {[%emt 0:00:00]} e5 {[%emt 0:00:51]} (4... Nc6 5. d3 g6 6. Nge2 h5 7. h3 Nd4 8. Be3 e5 9. Qd2 Qa5 10. O-O Be7 11. f4 h4 12. fxe5 Nxe2+ 13. Qxe2 Nh5 {1-0 (48) Piorun,K (2625)-Lewtak,D (2411) Trzcianka 2018}) 5. d3 {[%emt 0:00:16]} Be7 {[%emt 0:00:14]} 6. Nge2 {[%emt 0:01:07] B23: Closed Sicilian: Lines without g3} O-O {[%emt 0:00:19]} 7. O-O {[%emt 0:00:09]} Be6 {[%emt 0:02:23]} 8. f4 $146 {[%emt 0:00:55]} ({Predecessor:} 8. Be3 Nc6 9. a3 a6 10. Qd2 b5 11. Na2 Rc8 {0-1 (21) Lantman,R-De Oliveira,J Joao Pessoa 2011}) 8... exf4 {[%emt 0:00:59]} 9. gxf4 {[%emt 0:06:30]} Nc6 {[%emt 0:07:22]} 10. Kh1 {[%emt 0:12:46]} Rc8 {[%emt 0:05:26]} 11. f5 {[%emt 0:09:45]} Bd7 {[%emt 0:00:10]} 12. Be3 {[%emt 0:07:56]} Ne5 {[%emt 0:06:06]} 13. Nf4 {[%emt 0:08:25]} Bc6 {[%emt 0:02:19]} 14. Qe1 {[%emt 0:11:47]} Nfg4 {[%emt 0:03:19]} 15. Bg1 {[%emt 0:00:53]} Bh4 {[%emt 0:01:13]} 16. Qe2 {[%emt 0:00:33]} Qg5 {[%emt 0:10:17]} 17. Nh3 {[%emt 0:05:02]} Qe7 {[%emt 0:12:10]} 18. Bf3 {[%emt 0:11:57]} h5 {[%emt 0:01:28]} 19. Be3 {[%emt 0:02:29]} f6 {[%emt 0:11:35]} (19... b5 $11) 20. Bxg4 {[%emt 0:03:13]} Nxg4 {[%emt 0:00:36]} (20... hxg4 $14 21. Nf4 Qd7) 21. Nf4 {[%emt 0:02:35]} Be8 {[%emt 0:08:26]} (21... Nxe3 {might work better.} 22. Ng6 (22. Qxe3 Bg5 $16) 22... Qc7) 22. Ne6 {[%emt 0:01:47]} Rf7 $2 {[%emt 0:02:45]} (22... g5 23. Nd5 (23. Nxf8 Qxf8 24. Nd5 Bc6 $18) 23... Qf7 24. Nxf8 Qxf8) 23. Nd5 {[%emt 0:00:09]} Qd7 {[%emt 0:00:32]} 24. Bd2 {[%emt 0:02:06]} Qc6 $2 {[%emt 0:03:01]} (24... Re7 25. Qf3 Rxe6) 25. h3 {[%emt 0:01:21]} Ne5 {[%emt 0:04:54]} 26. Qxh5 $18 {[%emt 0:00:48]} Bg5 {[%emt 0:01:57]} 27. Bxg5 {[%emt 0:00:46]} fxg5 {[%emt 0:14:40]} 28. Nxg5 {[%emt 0:10:45]} 1-0

[Event "Israeli Open Championship 2019"]
[Site "Jerusalem"]
[Date "2019.12.13"]
[Round "2.18"]
[White "Levitan, Ronit"]
[Black "Blumenthal, Michael"]
[Result "1-0"]
[WhiteElo "1876"]
[BlackElo "1460"]
[Annotator "NA RC"]
[PlyCount "35"]
[EventDate "2019.12.12"]
[EventType "swiss"]
[EventCountry "ISR"]
[SourceTitle "playchess.com"]
[Source "ChessBase"]
[SourceQuality "1"]
[TimeControl "5400+30"]

{[%evp 8,34,0,-1,54,17,46,-29,42,25,79,61,133,32767,32767,32767,32767,32767,75,79,246,322,452,481,695,734,670,779,858]} 1. e4 {[%emt 0:00:00]} c5 {[%emt 0:00:00]} 2. c3 {[%emt 0:00:00]} Nf6 {[%emt 0:00:00]} 3. e5 {[%emt 0:00:00]} Nd5 {[%emt 0:00:09]} 4. d4 {[%emt 0:00:00]} cxd4 {[%emt 0:00:14]} 5. cxd4 {[%emt 0:00:00]} g6 {[%emt 0:00:21]} 6. Nf3 {[%emt 0:02:25]} Bg7 {[%emt 0:00:45]} 7. h4 {[%emt 0:00:12]} h5 {[%emt 0:01:11]} (7... d6 $11) 8. Qb3 {[%emt 0:09:26]} e6 {[%emt 0:02:47]} 9. Nc3 {[%emt 0:03:02]} Ne7 {[%emt 0:03:16]} 10. Ne4 {[%emt 0:02:53]} Nf5 {[%emt 0:03:50]} 11. Bg5 {[%emt 0:14:35]} Qa5+ {[%emt 0:04:25]} 12. Bd2 {[%emt 0:00:08]} Qd8 {[%emt 0:01:17]} 13. d5 {[%emt 0:08:20]} d6 $2 {[%emt 0:11:32]} (13... O-O $16) 14. Bb5+ {[%emt 0:01:42]} Bd7 {[%emt 0:03:32]} 15. dxe6 {[%emt 0:01:12]} Bxb5 {[%emt 0:04:48]} (15... fxe6 $142 16. Nfg5 Nc6 17. Nxe6 Qe7) 16. Qxb5+ {[%emt 0:00:35] Double Attack} Nc6 {[%emt 0:00:08]} 17. Qxb7 {[%emt 0:00:44]} Nce7 $18 {[%emt 0:01:26]} 18. exd6 {[%emt 0:53:46]} 1-0

[Event "Israeli Open Championship 2019"]
[Site "Jerusalem"]
[Date "2019.12.15"]
[Round "3.1"]
[White "Nabaty, Tamir"]
[Black "Birnboim, Nathan"]
[Result "1-0"]
[WhiteElo "2647"]
[BlackElo "2393"]
[Annotator "TA"]
[PlyCount "65"]
[EventDate "2019.12.12"]
[EventType "swiss"]
[EventCountry "ISR"]
[SourceTitle "playchess.com"]
[Source "ChessBase"]
[SourceQuality "1"]

{[%evp 35,65,74,77,83,68,67,84,82,96,88,126,130,147,148,153,137,281,275,619,288,283,283,275,247,229,225,235,232,232,232,835,182]} 1. e4 c5 2. Nf3 Nc6 3. d4 cxd4 4. Nxd4 Nf6 5. Nc3 e5 6. Ndb5 d6 7. Bg5 a6 8. Na3 b5 9. Bxf6 gxf6 10. Nd5 Bg7 11. Bd3 O-O 12. O-O Ne7 13. Nxe7+ Qxe7 14. c4 f5 15. Qf3 bxc4 16. Nxc4 d5 17. exd5 e4 18. Qe3 Bb7 19. d6 {B33: Sicilian: Pelikan and Sveshnikov Variations} Qf6 20. Bc2 f4 21. Qh3 $1 {White is better.} Rac8 (21... Rad8 22. Rad1 Rfe8 23. Bb3 Ba8 24. Qh5 Bc6 25. a4 Rb8 26. d7 Bxd7 27. Rxd7 Rxb3 {0-1 (54) Volokitin,A (2638)-Zhigalko,S (2678) Dubai 2014}) 22. b3 $1 Rc5 23. Rad1 $1 Rd8 24. Rfe1 $1 Qg6 {Threatens to win with ...Rh5.} 25. d7 {And now Nd6 would win.} Rh5 $146 {[#]} (25... Bd5 $16 26. Qh4 Rxd7) ({Predecessor:} 25... Bf6 26. Nd6 Rxc2 27. Nxb7 Rc3 28. g3 e3 29. fxe3 fxe3 30. Nxd8 Bxd8 31. Re2 {1-0 (31) Sepp,O (2425)-Holmsten,A (2401) Finland 2004}) 26. Qf3 $1 $18 {[%cal Rc2e4][%mdl 576] Double Attack, Pin} Qh6 $2 (26... Rd5) (26... exf3 27. Re8+) 27. Bxe4 (27. Rd6 $142 f6 28. Bxe4 Bxe4 29. Rxe4) 27... Rxh2 {[%csl Gh6][%cal Rh2h1]} 28. g3 fxg3 29. fxg3 ({Weaker is} 29. Bxb7 gxf2+ 30. Kf1 (30. Qxf2 $2 Rxf2 31. Re8+ {[%mdl 64] Double Attack} Bf8 $19) 30... fxe1=N $17) (29. Qxg3 Rh1+ 30. Kg2 Rxe1 $16) 29... Rxa2 {[#]} 30. Qh1 $1 ({Worse is} 30. Bxb7 Qh2+ 31. Kf1 Qh3+ 32. Kg1 Qh2+ 33. Kf1 Qh3+ {[%mdl 64] Double Attack} 34. Kg1 Qh2+ $11) 30... Qg5 31. Qxh7+ Kf8 32. Bxb7 {Threatening mate with Re8+!} Rxd7 $2 {[#]} (32... Qxg3+ 33. Kh1 Rxd7) 33. Re8+ {Played: Qh7-h4} 1-0

[Event "Israeli Open Championship 2019"]
[Site "Jerusalem"]
[Date "2019.12.15"]
[Round "3.2"]
[White "Iliaguev, Nisim"]
[Black "Postny, Evgeny"]
[Result "0-1"]
[WhiteElo "2275"]
[BlackElo "2605"]
[Annotator "TA"]
[PlyCount "76"]
[EventDate "2019.12.12"]
[EventType "swiss"]
[EventCountry "ISR"]
[SourceTitle "playchess.com"]
[Source "ChessBase"]
[SourceQuality "1"]

{[%evp 13,76,48,60,33,29,31,28,0,18,0,6,0,0,-22,-27,-31,-18,-41,-34,-60,-54,-42,-60,-70,-32,-40,-39,-52,-44,-52,-48,-61,-53,-84,-64,-74,-60,-69,-66,-64,-68,-68,-71,-87,-73,-131,-130,-136,-137,-146,-146,-147,-151,-187,-181,-188,-157,-186,-181,-232,-236,-264,-266,-1012,-988]} 1. e4 c5 2. Nf3 e6 3. d4 cxd4 4. Nxd4 a6 5. Bd3 Bc5 6. Nb3 Be7 7. O-O d6 8. Nc3 {B42: Sicilian: Kan Variation: 5 Bd3} (8. Be3 Nf6 9. a4 Nc6 10. a5 O-O 11. Nc3 Bd7 12. Na4 Qc7 13. Nb6 Rad8 14. Bf4 Ne5 15. Re1 Be8 {1-0 (40) Maghsoodloo,P (2671)-Hillarp Persson,T (2563) Malmo 2019}) 8... Nf6 9. a4 b6 10. Qe2 {White has an edge.} Qc7 11. Bf4 $146 ({Predecessor:} 11. f4 Nbd7 12. Bd2 Bb7 13. Rae1 g6 14. Kh1 O-O 15. e5 Nh5 16. Be4 Bxe4 17. Qxe4 Rac8 18. Nd4 Ng7 19. b3 Rfd8 20. Nf3 d5 {½-½ (35) Krejci,J (2519)-Yuferev,O (2247) Pardubice 2017}) 11... Nbd7 12. Rfd1 O-O 13. Na2 Bb7 14. Nb4 {[%cal Rb4a6]} Nc5 {[%cal Rf6e4]} 15. Nxc5 bxc5 16. Na2 {[#]} c4 $1 {[%mdl 512]} 17. Bxc4 Nxe4 18. Bd3 Nf6 19. Nc3 Qc6 {[%csl Gb7][%cal Rc6g2]} 20. f3 d5 21. Kh1 Rfe8 22. Qe1 Nd7 23. Bd2 Bf6 24. Qg3 Nc5 25. Bg5 Bxg5 26. Qxg5 h6 27. Qh4 Rad8 28. Re1 Qc7 29. Rad1 (29. Ne2 $142) 29... d4 $17 30. Ne4 Bxe4 ({Don't play} 30... Nxa4 $6 31. Nf6+ gxf6 32. Qxh6 $11) 31. Bxe4 Nxa4 32. Ra1 Nc5 33. b4 Nxe4 34. Qxe4 Qc4 35. Red1 Rd6 36. Rab1 (36. Qe5 $142 Red8 37. Qc5) 36... Rc8 $19 37. Rb2 Qc3 38. Rdb1 $2 {[#]} (38. Ra2) 38... d3 {Accuracy: White = 19%, Black = 76%.} 0-1